000 01064cab a22001935a 4500
001 L156696
008 120626e2012 xxk 000 0 eng d
035 _a(Sirsi) u156696
041 0 _aeng
245 0 0 _aLejonvarn and another v Cromwell Mansions Management Co Ltd
260 _c2012
490 _aEstates Gazette
_v[2012] 25 EG 90-93(4)
520 _a[2011] EWHC 3838 (Ch), 24 November 2011. Leaseholders (L) occupied a flat spread over the ground floor and basement of a building and with two flats above which had been converted from a single dwelling. L's proposal to excavate soil beneath the flat to create an additional lower floor refused consent by freeholder (C). L contended that the demise included the subsoil either as a matter of construction of terms of the lease or by way of a legal presumption. Held: terms of lease excluded any rights in the subsoil and the presumption did not apply.
590 _aKA
651 4 _aEngland and Wales
_y1543-
690 _aLandlord and tenant
_96252
690 _aResidential property
_96266
942 _n0
999 _c84125
_d84125